000 00812nam a2200241u 4500
001 35572
003 BD-RjUL
005 20211209052339.0
008 140526s1770 p 000 0 eng
035 _a(BD-RjUL)35667
040 _aDLC
_cCarP
_dDLC
_beng
041 _aeng
082 _a354.41
_bBUT 1770
100 1 _aBurke, Edmund,
_d1729-1797.
_9108321
245 0 0 _aThoughts on the cause of the present discontents /
_c Edmund Burke
260 _aKarachi :
_bThe educational publication co.,
_c1770.
300 _a100 p. ;
_c22 cm.
651 0 _aGreat Britain
_xPolitics and government
_y1760-1789
_vPamphlets.
_9108322
710 2 _aMiscellaneous Pamphlet Collection (Library of Congress)
_5DLC [from old catalog]
_9108323
942 _2ddc
_cBK
999 _c35572
_d35572